| 000 | 01312cam a2200361 a 4500 | ||
|---|---|---|---|
| 001 | 3414248 | ||
| 003 | OSt | ||
| 005 | 20140310184241.0 | ||
| 008 | 900418s1991 nyuab j b 001 0beng | ||
| 010 | _a 90008496 | ||
| 020 |
_a059044154X _c12.95 |
||
| 020 | _a059044154X (pbk.) | ||
| 040 |
_aDLC _cDLC _dDLC |
||
| 043 | _af-sa--- | ||
| 050 | 0 | 0 |
_aDT 1949.M35 _b.D46 1991 |
| 100 | 1 |
_aDenenberg, Barry. _917264 |
|
| 245 | 1 | 0 |
_aNelson Mandela : _b"no easy walk to freedom" : a biography / _cby Barry Denenberg. |
| 260 |
_aNew York : _bScholastic, _c2005 |
||
| 300 |
_a164 p. : _bill., maps ; _c22 cm. |
||
| 521 | _aG8 | ||
| 526 | _c950 | ||
| 600 | 1 | 0 |
_aMandela, Nelson, _d1918- _xJuvenile literature. _925111 |
| 610 | 2 | 0 |
_aAfrican National Congress _xBiography _xJuvenile literature. _925112 |
| 650 | 0 |
_aCivil rights workers _zSouth Africa _xBiography _xJuvenile literature. _925113 |
|
| 650 | 0 |
_aAnti-apartheid movements _zSouth Africa _xJuvenile literature. _925114 |
|
| 650 | 0 |
_aPolitical prisoners _zSouth Africa _xJuvenile literature _xBiography. _925115 |
|
| 651 | 0 |
_aSouth Africa _xBiography _xJuvenile literature. _925116 |
|
| 906 |
_a7 _bcbu _corignew _d1 _eocip _f19 _gy-gencatlg |
||
| 942 |
_2lcc _cBK-SCHOLAS |
||
| 999 |
_c33264 _d33264 |
||